Statistics for Star Wars - Every Movie and Series

Click here to take the quiz!

General Stats

  • This quiz has been taken 51 times
    (10 since last reset)
  • The average score is 18 of 21

Answer Stats

Answer% Correct
Episode I: The Phantom Menace
100%
Episode IX: The Rise of Skywalker
100%
Episode VI: Return of the Jedi
100%
Episode V: The Empire Strikes Back
100%
Rogue One: A Star Wars Story
100%
Solo: A Star Wars Story
100%
Star Wars: The Clone Wars
100%
Episode II: Attack of the Clones
89%
Episode III: Revenge of the Sith
89%
Episode IV: A New Hope
89%
Episode VIII: The Last Jedi
89%
Episode VII: The Force Awakens
89%
Star Wars: Rebels
89%
The Book of Boba Fett
89%
The Mandalorian
89%
Ahsoka
78%
Obi-Wan Kenobi
78%
Star Wars: Resistance
67%
Star Wars: The Bad Batch
56%
Andor
44%
Tales of the Jedi
44%

Score Distribution

Percentile by Number Answered

Percent of People with Each Score

Your Score History

You have not taken this quiz since the last reset